000
00332 a2200157 4500
001
47201
020
_a
9780746080481
040
_c
Anchieta - Aquarius
100
_a
Helbrough, Enna
240
1
0
_a
Dogs
_l
Ing
245
1
0
_a
Dogs
300
_a
20p
362
0
_a
2003
650
4
_a
Literatura infanto-juvenil em inglês
942
_c
BK
999
_c
47201
_d
47201